000 01946cam a2200421 a 4500
001 14199478
003 OSt
005 20230921132054.0
008 051214s2005 enk e b 001 0 eng
010 _a 2005296784
015 _aGBA505190
_2bnb
016 7 _a013086385
_2Uk
020 _a185043767X (hbk.)
020 _a9781850437673
035 _a(OCoLC)ocm57484207
040 _aUKM
_cUKM
_dOCLCQ
_dBWKUK
_dBAKER
_dIXA
_dDLC
042 _alccopycat
043 _ae-uk---
_aaw-----
050 0 0 _aDS63.2.G7
_bN28 2005
082 0 4 _a327.4105609034
_bNAS/F
100 1 _aNash, Geoffrey
_99552
245 1 0 _aFrom empire to orient :
_btravellers to the Middle East, 1830-1926 /
_cGeoffrey P. Nash.
260 _aLondon ;
_aNew York :
_bI.B. Tauris ;
_aNew York :
_bDistributed in the U.S. by Palgrave Macmillan,
_c2005.
300 _a252 p. ;
_c24 cm.
504 _aIncludes bibliographical references (p. [235]-245) and index.
600 1 0 _aUrquhart, David,
_d1805-1877
_xPolitical and social views.
600 1 0 _aBlunt, Wilfrid Scawen,
_d1840-1922
_xPolitical and social views.
600 1 0 _aPickthall, Marmaduke William,
_d1875-1936
_xPolitical and social views.
650 0 _aAnti-imperialist movements
_zGreat Britain
_xHistory.
651 0 _aMiddle East
_xForeign public opinion, British
_xHistory
_y19th century.
651 0 _aMiddle East
_xForeign public opinion, British
_xHistory
_y20th century.
856 4 2 _3Contributor biographical information
_uhttp://www.loc.gov/catdir/enhancements/fy0627/2005296784-b.html
856 4 2 _3Publisher description
_uhttp://www.loc.gov/catdir/enhancements/fy0627/2005296784-d.html
856 4 1 _3Table of contents only
_uhttp://www.loc.gov/catdir/enhancements/fy0627/2005296784-t.html
906 _a7
_bcbc
_ccopycat
_d2
_encip
_f20
_gy-gencatlg
942 _2ddc
_cBK
_h327.4105609034
_iNAS/F
_k327.4105609034
_mNAS/F
999 _c42233
_d42233